000 00550 a2200181 4500
001 ART_6832
005 20260410161827.0
008 260409a
245 1 0 _aDeterminantes de la morosidad tributaria en Mar del Plata
100 1 _aMallo, Paulino E.
700 1 _aArtola, María A.
700 1 _aZanfrillo, Alicia I.
700 1 _aMorettini, Mariano
700 1 _aGalante, Marcelo J.
700 1 _aPascual, Mariano E.
700 1 _aBusetto, Adrián R.
773 0 _tFACES
_g- Año 17, Nº 36/37 (ene./dic. 2011)
_wREV5046
999 _c22843
_d22843